000 00755nam a2200253Ia 4500
003 OSt
005 20220928101609.0
006 a|||||r|||| 00| 0
007 ta
008 220927b |||||||| |||| 00| 0 hin d
020 _c995
024 _a128220
037 _b384, 12/12/2015, Kiran Book Service
_cTextual
040 _aSDCL
_cSDCL
_bhin
041 _2hin
_ahin
082 _aO152,3N031:g, Q3
100 _aMadhale Shahu Dashrat
_9392295
245 0 _aYashpal ke upanyas aur rashtra
260 _aVaransi
_bA.B.S. Publication
_c2013
300 _a1;416p
_ccm.
650 _aHindi
_9391598
942 _hO152,3N031:g, Q3
_cTEXL
_2CC
999 _c708066
_d708066